| 000 | 00000cam 2200000zi 4500 |
| 001 | 9.909016 |
| 003 | CaOODSP |
| 005 | 20260514080741 |
| 006 | m o d f |
| 007 | cr mn||||||||| |
| 008 | 220311t20222022onca ob f000 0 fre d |
| 040 | |aCaOODSP|bfre|erda|cCaOODSP |
| 043 | |an-cn--- |
| 086 | 1 |aP29-043-146-2022F-PDF |
| 245 | 00|aConception, fabrication et utilisation de grands récipients pour vrac destinés au transport des marchandises dangereuses de classes 3, 4, 5, 6.1, 8 et 9. |
| 264 | 1|aOttawa (Ontario) : |bOffice des normes générales du Canada = Canadian General Standards Board : |bConseil canadien des normes = Standards Council of Canada, |c2022. |
| 264 | 4|c©2022 |
| 300 | |a1 ressource en ligne (i, 102 pages) : |billustrations. |
| 336 | |atexte|btxt|2rdacontent/fre |
| 337 | |ainformatique|bc|2rdamedia/fre |
| 338 | |aressource en ligne|bcr|2rdacarrier/fre |
| 490 | 1 |aNorme nationale du Canada ; |vCAN/CGSB-43.146-2022 |
| 500 | |a« Publiée mars 2022. » |
| 500 | |a« Expérience et excellence » -- Couverture. |
| 500 | |a« Remplace CAN/CGSB-43.146-2016. » |
| 500 | |aPublié aussi en anglais sous le titre : Design, manufacture and use of intermediate bulk containers for the transportation of dangerous goods, classes 3, 4, 5, 6.1, 8 and 9. |
| 500 | |a«Le Conseil canadien des normes a accordé une prolongation de deux ans de la date limite de mise à jour de cette norme, la repoussant du 20 mars 2027 au 20 mars 2029» -- Énoncé fourni par l’Office des normes générales du Canada (2026-05-13). |
| 504 | |aComprend des références bibliographiques (page 102). |
| 520 | |a« La présente norme énonce les exigences concernant la conception, la fabrication, et le marquage des grands récipients pour vrac (GRV) ainsi que leur sélection et leur utilisation pour le transport des marchandises dangereuses des classes 3, 4, 5, 6.1, 8 et 9. Elle comporte deux parties et cinq annexes » -- Objet, page 1. |
| 650 | 6|aSubstances dangereuses|xTransport|xNormes|zCanada. |
| 650 | 6|aEmballages|xNormes|zCanada. |
| 710 | 2 |aConseil canadien des normes, |eorganisme de publication. |
| 710 | 2 |aOffice des normes générales du Canada, |eorganisme de publication. |
| 775 | 08|tDesign, manufacture and use of intermediate bulk containers for the transportation of dangerous goods, classes 3, 4, 5, 6.1, 8 and 9.|w(CaOODSP)9.909015 |
| 795 | |tConception, fabrication et utilisation de grands récipients pour vrac destinés au transport des marchandises dangereuses de classes 3, 4, 5, 6.1, 8 et 9 |b2016|w(CaOODSP)9.835276 |
| 830 | #0|aNorme nationale du Canada ;|vCAN/CGSB-43.146-2022.|w(CaOODSP)9.504227 |
| 856 | 40|qPDF|s1.03 Mo|uhttps://publications.gc.ca/collections/collection_2022/ongc-cgsb/P29-043-146-2022-fra.pdf |
| 986 | |aICS 55.140 |